Evaluación de las especies establecidas en el Proyecto Sina II en el departamento del Tolima / (Registro nro. 6936)
[ vista simple ]
| 000 -CABECERA | |
|---|---|
| Campo de control | 01031nam a2200241 a 4500 |
| 005 - FECHA Y HORA DE LA ULTIMA TRANSACCION | |
| Campo de control | 20151215090534.0 |
| 008 - ELEMENTOS DE LONGITUD FIJA—INFORMACION GENERAL | |
| Campo de control | 140716s2008 ck ao gr 000 0 spa d |
| 040 ## - FUENTE DE CATALOGACIÓN | |
| Agencia catalogadora original | CO-BoBLA |
| Agencia transcriptora | CO-BoBLA |
| 041 ## - IDIOMA | |
| Código de idioma para texto/pista de sonido o título separado | Español |
| 044 ## - PAÍS DE PUBLICACIÓN | |
| País de publicación | Colombia |
| 082 04 - NUMERO DE CLASIFICACION DECIMAL DEWEY | |
| Número de clasificación | 582.16 |
| Número del ítem | C67e |
| 110 2# - ASIENTO PRINCIPAL--NOMBRE CORPORATIVO | |
| Nombre corporativo o de jurisdicción como elemento de entrada | Corporación Autónoma Regional del Tolima. |
| 9 (RLIN) | 4005 |
| 245 10 - MENCION DE TITULO | |
| Título | Evaluación de las especies establecidas en el Proyecto Sina II en el departamento del Tolima / |
| Mención de responsabilidad | CORTOLIMA. |
| 250 ## - MENCION DE EDICION | |
| Mención de edición | Editores Héctor Tacuma Chango, Bibiana María Bonilla Hernández. |
| 260 ## - PUBLICACION, DISTRIBUCION, ETC. (PIE DE IMPRENTA) | |
| Lugar de publicación, distribución, etc. | Ibagué : |
| Nombre del editor, distribuidor, etc. | ASOCARS. Asociación de Corporaciones Autónomas Regionales y de Desarrollo Sostenible, |
| Fecha de publicación, distribución, etc. | 2008. |
| 300 ## - DESCRIPCION FISICA | |
| Extensión | 154 páginas : |
| Otros detalles físicos | ilustraciones, fotografías ; |
| Dimensiones | 23 x 17 cm. |
| 500 ## - NOTA GENERAL | |
| Nota general | Glosario : (páginas 139-150). |
| 504 ## - NOTA DE BIBLIOGRAFIA, ETC. | |
| Nota de bibliografía | Incluye referencias bibliográficas (páginas 151-153) |
| 650 #4 - ASIENTO SECUNDARIO DE MATERIA - TERMINO TEMATICO | |
| Término temático o nombre geográfico como elemento de entrada | Reforestación |
| Subdivisión geográfica | Tolima (Colombia) |
| 9 (RLIN) | 44271 |
| 650 #4 - ASIENTO SECUNDARIO DE MATERIA - TERMINO TEMATICO | |
| Término temático o nombre geográfico como elemento de entrada | Arboles |
| Subdivisión general | Cultivo |
| Subdivisión geográfica | Tolima (Colombia) |
| 9 (RLIN) | 44272 |
| 650 #4 - ASIENTO SECUNDARIO DE MATERIA - TERMINO TEMATICO | |
| Término temático o nombre geográfico como elemento de entrada | Arboles |
| Subdivisión general | Fichas técnicas. |
| 9 (RLIN) | 44273 |
| 942 ## - ELEMENTOS ADICIONALES (KOHA) | |
| Sistema de clasificación | Dewey Decimal Classification |
| Tipo de ítem | Libro |
| Withdrawn status | Lost status | Sistema de Clasificación | Damaged status | No para préstamo | Colección | Inventariado | Ubicación Permanente | Ubicación actual | Fecha de adquisición | Fuente de Valor | Valor | Total Checkouts | Número topográfico | Inventario / Código de Barras | Date last seen | Ejemplar | Price effective from | Forma de adquisición | Tipo de material |
|---|---|---|---|---|---|---|---|---|---|---|---|---|---|---|---|---|---|---|---|
| Dewey Decimal Classification | General | Inventariado 2017 | Bogotá | Bogotá | 15/12/2015 | Instituto | 39000.00 | LB-582.16 C67e | 027139 | 04/12/2012 | Ej.1 | 04/12/2012 | Libro |